000 00624cam a22001694a 4500
005 20250605164037.0
008 250528s ||||||||||||||||||||||||d
035 _a16848
040 _aGR-AtMCL
_bgre
_dGR-AtMCL
_eAACR2
245 1 _aΔραστηριότητες Στηριγμένες σε Εκπαιδευτικές Προτάσεις της UNICEF / Ένας Πρακτικός οδηγός για να μάθουμε για τα δικαιώματα του Παιδιού
260 _bΕσπα,
_c1994
300 _a10
700 1 _aFountain Susan
_92931
942 _cBK
999 _c2300
_d2300